000 00670nas a2200241 4500
001 BR6005491
003 BR-BrBNA
005 20231205082028.0
007 ta
008 230509b bl.|||p| |||| 00| 00por d
040 _aBR-BrBNA
_bpor
_cBiblioteca Nacional de Agricultura
041 _a(Pt)
072 _aE10
100 1 _aLorena, C.
245 1 _aCadastro rural [Brasil]
650 _aREFORMA AGRARIA
650 _aCADASTRO RURAL
650 _aTERRA
650 _aPROPRIEDADE RURAL
773 0 _tRevista de Direito Agrario (Brazil)
_xISSN 0100-1582
_g(Apr 1973), v. 1(1) p. 29-32
_wBR6005491
909 _a202311
_bLúcia
_c55
_dLúcia Elande
942 _2AGRIS
_n0
_cANA
999 _c88673
_d88673